000 00380nam a2200169Ia 4500
003 0STCL
008 150530s9999 xx 000 0 und d
040 _aSTCL
_cSTCL
100 _aSumit Iyyer
245 _aMein Tum Aur Jungle
260 _bIndraPrastha Prakashan
_c1955
_aH
300 _a0
546 _aHindi
942 _2ddc
_cBK
999 _c62672
_d62672
005 20220125171212.0